Encyclopaedia Beliana slovenská všeobecná encyklopédia v dvanástich zväzkoch

Salvato in:
Dettagli Bibliografici
Autore principale: Mráz, Stanislav
Natura: Libro
Lingua:slovacco
Pubblicazione: Bratislava Encyklopedický ústav SAV 2001
Soggetti:
Tags: Aggiungi Tag
Nessun Tag, puoi essere il primo ad aggiungerne!!

MARC

LEADER 00000nam a2200000 4500
001 c127473
005 20240502071320.5
020 |a 80-224-0671-6 
041 0 |a slo 
044 |a SK 
245 1 0 |a Encyclopaedia Beliana  |b slovenská všeobecná encyklopédia v dvanástich zväzkoch  |c Stanislav Mráz ... [et al.] 
264 1 |a Bratislava  |b Encyklopedický ústav SAV  |c 2001 
300 |a 686 s. 
610 2 0 |a Slovensko 
610 2 0 |a veda 
610 2 0 |a technika 
610 2 0 |a umenie 
610 2 0 |a dejiny 
610 2 0 |a osobnosť 
610 2 0 |a kultúra 
100 1 |a Mráz, Stanislav